000 00560nam a2200193 a 4500
001 22716
003 CO-ViMGA
008 141112s2004 ck r 000 u spa d
020 _a958690893
040 _aCO-ViMGA
_bspa
_cCO-ViMGA
082 0 4 _a340.072 R398m
100 1 _aRey Vega, Carlos
_932385
245 1 0 _aEl metodo estrategico de la Investigación judicial
250 _a183 pag
260 _aColombia :
_bLeyer
300 _a186 Pag
650 1 4 _aInvestigación criminal, Prueba en pereira, evidencia judicial , criminologia
_932386
942 _2ddc
_cBK
999 _c31014
_d31014